Tâm lí học và giáo dục học Nhà tâm lí học lớn giải đáp các vấn đề về giáo dục
Trình bày những thời kì phát triển của trí khôn. Một vài suy nghĩ về giáo dục ở Việt Nam. Đánh giá thành tựu giáo dục và giảng dạy từ năm 1935, sự tiến triển của khoa học sư phạm, tiến bộ của tâm lí trẻ em, sự phát triển của phương pháp dạy học. Cơ sở tâm lí học của phương pháp giáo dục mới...
Gardado en:
| Autor Principal: | |
|---|---|
| Outros autores: | , , , |
| Formato: | Libro |
| Idioma: | Vietnamese |
| Publicado: |
H.
Giáo dục
1997
|
| Edición: | In lần 2 |
| Những chủ đề: | |
| Các nhãn: |
Engadir etiqueta
Sen Etiquetas, Sexa o primeiro en etiquetar este rexistro!
|
| Thư viện lưu trữ: | Mạng thư viện Đại học Đà Nẵng |
|---|
| LEADER | 01808nam a2200409 4500 | ||
|---|---|---|---|
| 001 | 000006201 | ||
| 003 | 2356 | ||
| 005 | 20120322080351.0 | ||
| 008 | 110905s1997 viesd | ||
| 020 | |c 8500đ | ||
| 041 | 0 | |a vie | |
| 082 | |a 370.151 |b PIA | ||
| 100 | 0 | |a Piaget, Jean |e Tác giả | |
| 245 | 0 | |a Tâm lí học và giáo dục học |b Nhà tâm lí học lớn giải đáp các vấn đề về giáo dục |c Jean Piaget ; Người dịch: Trần Nam Lương... ; Người giới thiệu: Nguyễn Khắc Viện | |
| 250 | |a In lần 2 | ||
| 260 | |a H. |b Giáo dục |c 1997 | ||
| 300 | |a 212 tr. |c 21cm. | ||
| 520 | |a Trình bày những thời kì phát triển của trí khôn. Một vài suy nghĩ về giáo dục ở Việt Nam. Đánh giá thành tựu giáo dục và giảng dạy từ năm 1935, sự tiến triển của khoa học sư phạm, tiến bộ của tâm lí trẻ em, sự phát triển của phương pháp dạy học. Cơ sở tâm lí học của phương pháp giáo dục mới | ||
| 653 | |a Tâm lí học | ||
| 653 | |a Trẻ em | ||
| 653 | |a Giảng dạy | ||
| 653 | |a Giáo dục học | ||
| 700 | |a Nguyễn Khắc Viện |e Tác giả | ||
| 700 | |a Lê Thi |e Dịch | ||
| 700 | |a Phùng Đệ |e Dịch | ||
| 700 | |a Trần Nam Lương |e Dịch | ||
| 910 | |a Huỳnh Thị Cẩm Lai |d 05/09/2011 | ||
| OWN | |a LSP | ||
| AVA | |a UDN50 |b LSP |d 370.151 PIA |e available |t Error 5001 Not defined in file expand_doc_bib_avail. |f 7 |g 4 |h N |i 0 |k 1 | ||
| 999 | |a From the UDN01 | ||
| AVA | |a UDN50 |b LSP |d 370.151 PIA |e available |t Error 5001 Not defined in file expand_doc_bib_avail. |f 7 |g 4 |h N |i 0 |k 1 | ||
| TYP | |a Monograph | ||
| TYP | |a Printed language | ||
| 980 | |a Mạng thư viện Đại học Đà Nẵng | ||